000 00845nam a2200217 a 4500
001 59904
003 BD-RjUL
005 20211209080759.0
008 161227s1976 bg ||||| |||| 00| 0 ben d
035 _a(BD-RjUL)60028
040 _aBD-RjUL
_bben
_cBD-RjUL
_dBD-RjUL
041 _aben
082 _223
_a337
_bREA 1976
100 _aরেজা, মোহাম্মদ লতিফুর
_9134931
245 1 0 _aআন্তর্জাতিক অর্থনীতি /
_cমোহাম্মদ লতিফুর রেজা
260 _aঢাকা :
_bবাংলা একাডেমী,
_c১৯৭৬
300 _a৩০৫ পৃ. :
_bচিত্র ;
_c২৫ সেমি.
650 _aআন্তর্জাতিক অর্থনীতি
_9143788
650 _aInternational Economics
_9143789
942 _2ddc
_cBK
999 _c59904
_d59904